000 00640nam a2200205 u 4500
005 20240815063726.0
008 150313s2007 mx r 000 0 spa d
020 _a9685771286
035 _aUPN01000202493
049 _aI
050 4 _aPZ76.3
_bS3.34
100 1 _aSalazar García, Martha
_936991
245 1 0 _aHistoria de un elefante marino /
_cMartha Salazar García ; il. Claudio Contreras Koob.
260 _aMéxico :
_bPluralia,
_c2007.
300 _a30 p. :
_bil.
650 4 _aAnimales
_xHábitos y comportamiento
_91059
650 4 _aANIMALES MARINOS -
_vLITERATURA INFANTIL
_922270
905 _aInfantil
999 _c174594
_d174594